000 00576nam a2200145Ia 4500
008 100204s9999 xx 000 0 und d
082 _b15108
100 _aतेंडुलकर प्रिया
245 _aजन्मलेल्या प्रत्येकाला
260 _b"डिंंंंप्ंाल पब्लिकेशन, वसई"
_c1991
300 _a172
630 _aजन्मलेल्या प्रत्येकाला
730 _aजन्मलेल्या प्रत्येकाला
942 _cBOOK
999 _c459539
_d459536